Best football clubs of all time - Statistics

General Stats
  • This quiz has been taken 184 times
  • The average score is 14 of 17
Answer Stats
Rank Champions Leagues Triple Best Player Club % Correct
2 5 2 Lionel Messi Fc Barcelona
100%
1 15 0 Cristiano Ronaldo Real Madrid
100%
3 6 2 Franz Beckenbauer Bayern Munich
99%
4 3 1 Sir Bobby Charlton Manchester United
97%
5 7 0 Paolo Maldini/ Marco van Basten Ac Milan
95%
8 2 0 Cristiano Ronaldo Juventus
95%
16 0 0 Kylian Mbappe Paris Saint Germain
95%
6 6 0 Steven Gerrard Liverpool
94%
14 0 0 Dennis Bergkamp/ Thierry Henry Arsenal
90%
9 2 0 John Terry Chelsea
89%
7 4 1 Johan Cruyff AFC Ajax Amsterdam
87%
11 1 0 Matthias Sammer Borussia Dortmund
71%
12 2 0 Eusebio Benfica
68%
13 1 1 Colin Bell Manchester City
66%
17 1 1 Ronaldo Nazario Psv Eindhoven
52%
15 1 1 Bill Russell Celtic
42%
10 3 1 Ronaldo Nazario Internazionale
37%
No matching quizzes found
Score Distribution
Percent of People with Each Score
Percentile by Number Answered
Your Score History
You have not taken this quiz